IPL Cricket Teams - Statistics

General Stats
  • This quiz has been taken 36 times
  • The average score is 6 of 9
Answer Stats
FS9 No: Answer % Correct
CSK Chennai Super Kings
100%
Which team won the most matches? Chennai Super Kings
100%
RR Rajasthan Royals
83%
MI Mumbai Indians
66%
DC Delhi Capitals
52%
PBKS Punjab Kings
52%
SRH Sunrisers Hyderabad
52%
KKR Kolkata Knight Riders
48%
RCB Royal Callengers Bangalore
14%
No matching quizzes found
Score Distribution
Percent of People with Each Score
Percentile by Number Answered
Your Score History
You have not taken this quiz